Quizzes
Events
Quiz Creation
Community
Videos
Private Events
Remove Ads
Sign In
Join for FREE
Feedback
Dark Mode
Quiz Categories
Sports
Geography
Music
Movies
Television
Just For Fun
Miscellaneous
History
Literature
Language
Science
Gaming
Entertainment
Religion
Holiday
For Kids
Quiz Lab
Recent
Popular Today
Quiz Kudos Today
Editor Picks
Curator Picks
Quizzes by...
Day
Popularity
Type
Ratings
Length
Year
Community
Subscriptions
Recent Discussions
Orange Saloon
Badges
Playlists
Quests
Create
Leaderboards
Showdown
Live 5
Trivia Bingo
Activity
Puzzle Library
Sporcle Events
Private Events
Virtual Trivia
Globe League
Become a Host
Pub Owners
SporcleCon
Opinionation
Our Games
Videos
Blog
Mobile Apps
Partnerships
Remove Ads and Go Orange
Feedback
Literature
Harry Potter
A Song of Ice and Fire
The Hunger Games
Literary Character
Shakespeare
Book
Author
Novel
Poem
Young Adult
Children's Books
Play
Lord of the Rings
Literature
Harry Potter
A Song of Ice and Fire
The Hunger Games
Literary Character
Shakespeare
Book
Author
Novel
Poem
Young Adult
Children's Books
Play
Lord of the Rings
Random Quiz
Search Sporcle
×
Quiz Lab
Quiz Lab
Literature
Novel
Type in answers that appear in a list
Type in answers that appear in a list
Classic
Best Score? Go Orange.
Literary Theory and Criticism Stats
Can you name the Author of these works?
By
jeffthepunk
4m
45 Questions
245 Plays
245 Plays
245 Plays
Comments
Comments
Give Quiz Kudos
Give Quiz Kudos
-
- Ratings
hide this ad
More Info
Forced Order
Answers have to be entered in order
Answers have to be entered in order
Random Order
Randomize order of answers
Randomize order of answers
Replay
Link that replays current quiz
Next Quiz
Link to next quiz in quiz playlist
You Got
0%
They Got
Avg Score
32%
Avg Friend Score
Upgrade to see
Score Distribution
Jump to the score distribution portion of the page
Score
0/45
Timer
04:00
0
Plays Today
Work
Author
% Correct
The Interpretation of Dreams
Freud
83.3%
Orientalism
Said
76.3%
A Room of One's Own
Woolf
73.1%
Capital
Marx
71.4%
The Death of the Author
Barthes
65.3%
Gender Trouble
Butler
62.4%
The Mirror Stage as Formative
Lacan
61.6%
The Uncanny
Freud
51.8%
Course in General Linguistics
Saussure
49.8%
Lyrical Ballads
Wordsworth
49%
The Work of Art in the Age of its Technological Reproducibility
Benjamin
46.5%
Phaedrus
Plato
46.1%
The Wretched of the Earth
Fanon
45.7%
The Birth of Tragedy
Nietzsche
45.3%
What is an Author?
Foucault
40.8%
The Anxiety of Influence
Bloom
40%
Ars Poetica
Horace
36.7%
Tradition and the Individual Talent
Eliot
35.5%
Phenomenology
Hegel
34.3%
Spectres of Marx
Derrida
32.2%
Analytic of the Sublime
Kant
26.9%
Performative Utterances
Austin
26.5%
A Dense of Poesy
Sidney
24.9%
Work
Author
% Correct
Visual Pleasure and Narrative Cinema
Mulvey
24.9%
On Sublimity
Longinus
24.5%
Epistemology of the Closet
Sedgwick
24.1%
The Painter of Modern Life
Baudelaire
22.9%
The Well Wrought Urn
Brooks
22.9%
The Intentional Fallacy
Wimsatt and Beardsley
20.8%
The Critic as Artist
Wilde
19.6%
The Art of Fiction
Henry James
19.2%
On the Fetish
Marx
18%
Criteria of Negro Art
Du Bois
18%
Studies in the History of the Renaissance
Pater
16.3%
Philosophy of Composition
Poe
14.7%
Laocoon
Lessing
14.3%
The Function of Criticism at the Present Time
Arnold
13.9%
Lectures on Fine Art
Hegel
11.8%
The Book of the City of Ladies
de Pizan
11%
Semiology and Rhetoric
De Man
11%
Enformcing Normalcy (Visualizing the Disabled Body)
Davis
10.6%
The Poet
Emerson
10.2%
Melville's Fist
Johnson
9%
Enconium
Gorgias
7.8%
Crisis in Poetry
Mallarme
3.3%
Quiz Playlist
Details
Report
Send in Message
Add To Playlist
More Info:
This game was made for the purpose of studying for ENGL 292 at Queen's University in 2011. There are a few repeat answers. LAST NAME ONLY.
Classic:
Type in answers that appear in a list
Forced Order:
Answers have to be entered in order
Random Order:
Randomize order of answers
Last Updated: Feb 16, 2017
Quiz Scoreboard
CHALLENGE
Sign Up to Join the Scoreboard
Show All
Scores
Hide
Comments
May contain spoilers
Recently Published
9x9 Crossword: Cartoon Network
by jackfrog10
Miscellaneous
3m
College Basketball Coaching Resumes
by pancakes188
Sports
9m
Billboard Blitz: Fleetwood Mac
by CooCooCachoo
Music
15s
More to Explore
Quiz From the Vault
Featured Blog Post
Where Did the Easter Bunny Come From?
hide this ad
You Might Also Like...
Tags
Author Quiz
Literary Character Quiz
Novel Quiz
criticism
Theory
Today's Top Quizzes in Literature
Browse Literature
hide this ad
Today's Top Quizzes in Novel
Browse Novel
Top Contributed Quizzes in Literature
1
Sneaky Slytherin Logic Puzzle
2
Get The Picture: Black or White Literature
3
5-to-1: Plays
4
A Court of Thorns and Roses (ACoTaR) Logic Puzzle
5
One Thing in Common: Literature
6
One Thing in Common: Literature II
7
One Thing in Common: Literature 3
8
One Thing in Common: Books
9
Literary Siblings Odd One Out III
10
Harry Potter Neighbourly Logic Puzzle #1
Explore More
Trending Topics
Kpop
Harry Potter
NBA
Crossword
Anime
Marvel
Disney
Puzzle
Country
WWE
The Office
Song
Soccer
Pokémon
NFL
hide this ad
More By:
jeffthepunk
Quiz
Plays
Rating
Category
Featured
Created
Literary Theory and Criticism
245
4.00
Literature
Apr 24, 2011
Go to Creator's Profile
Score Distribution
Quiz Creator Spotlight
jeffthepunk
Follow
Send a Message
Quizzes Created
-
Created Quiz Play Count
-
More By This Creator
Popular Quizzes Today
1
Find the US States - No Outlines Minefield
2
Find the Countries of Europe - No Outlines Minefield
3
The Countries of the World
4
Find the US States
5
Risky Map Clicking: Biggest States A-Z
6
US States
7
Popular People in 1961
8
Movies - When Are They Set?
More Literature Quizzes
Which John Wrote This?
Published
Trending Quizzes
Risky Map Clicking: Least Populous States A-Z
1-10 Letter G Words
Risky Map Clicking: Next State Alphabetically
Adjectives in 80s TV Shows
Risky Map Clicking: Biggest States A-Z
Recently Updated
Leaping Animals
pecheneg
Reality TV Shows (A-Z)
bhenderson79
Rickey Henderson's Hall of Fame Teammates
pecheneg
Champions League XIs: Arsenal
pecheneg
Quick Pick: Celebrities in WWE's Hall of Fame
aduchscher
A-Z Keypad Blitz II
pecheneg
Multiple Oscar Actors
pecheneg
Mystery Phrase Blitz: Oscar 'Best Actors'
pecheneg
F. Scott Fitzgerald Novels
LTH
Pick 3 Villains
ddd62291
Trending Topics
Kpop
Harry Potter
Crossword
Disney
NBA
Marvel
Anime
Song
Country
The Office
Pokémon
WWE
Puzzle
Soccer
NFL
Your Account Isn't Verified!
In order to create a playlist on Sporcle, you need to verify the email address you used during registration. Go to your
Sporcle Settings
to finish the process.
Report this User
Report this user for behavior that violates our
Community Guidelines
.
Details:
Send Report
Go to the Sporcle.com Mobile Site →
Comments